[Event "4th GRENKE Open 2019"]
[Site "Karlsruhe"]
[Date "2019.04.21"]
[Round "7.108"]
[White "Barp, Alberto"]
[Black "Hoerstmann, Rudi"]
[Result "1/2-1/2"]
[WhiteElo "2424"]
[BlackElo "2225"]
[Annotator "NA"]
[PlyCount "157"]
[EventDate "2019.04.18"]
[EventType "swiss"]
[EventCountry "GER"]
[SourceTitle "playchess.com"]
[Source "ChessBase"]
[SourceQuality "1"]

1. d4 g6 2. Nf3 Bg7 3. g3 c5 4. dxc5 Na6 5. Bg2 Nxc5 6. O-O Nf6 7. c4 b6 8. b4 Nce4 9. Bb2 Bb7 10. Nbd2 Nxd2 11. Qxd2 O-O 12. Rfc1 Qc7 13. Nd4 Bxg2 14. Kxg2 Qb7+ 15. f3 a6 16. e4 d6 17. Qe2 Rfc8 18. a3 Rc7 19. Nc2 b5 20. cxb5 axb5 21. Nd4 Rb8 22. Rxc7 Qxc7 23. Rc1 Qb7 24. Qc2 Nd7 25. Nc6 Bxb2 26. Qxb2 Re8 27. Qd4 Nb6 28. Na5 Qb8 29. Rc6 Nd7 30. Rc3 Ne5 31. f4 Ng4 32. Nc6 Qb7 33. Qa7 Qxa7 34. Nxa7 Rb8 35. h3 Nf6 36. Kf3 Rb7 37. Rc8+ Kg7 38. Nc6 e6 39. Na5 Rb6 40. Ke3 d5 41. e5 Ne4 42. g4 g5 43. fxg5 Nxg5 44. h4 Ne4 45. Kd4 Ra6 46. Rb8 Ra7 47. Rxb5 Rc7 48. Rb7 Rc3 49. b5 Rxa3 50. Nc6 Ra4+ 51. Ke3 Nc5 52. Rc7 Rxg4 53. Nd8 Na4 54. Nxe6+ Kg6 55. Nf4+ Kf5 56. Rxf7+ Kxe5 57. Nd3+ Kd6 58. Rxh7 Rg3+ 59. Kd2 Rg2+ 60. Ke1 Rg3 61. Rh6+ Kc7 62. Nf4 Nb6 63. Kf2 Rb3 64. Rc6+ Kb7 65. Rc5 d4 66. h5 Re3 67. h6 Re7 68. Rh5 Rh7 69. Ne6 Nd7 70. Nxd4 Nf6 71. Rh4 Rxh6 72. Rf4 Nd5 73. Rf7+ Kb6 74. Rf5 Rf6 75. Rxf6+ Nxf6 76. Kf3 Nd5 77. Ke4 Nc7 78. Kd3 Nxb5 79. Ke4 1/2-1/2

[Event "4th GRENKE Open 2019"]
[Site "Karlsruhe"]
[Date "2019.04.21"]
[Round "7.109"]
[White "Muetsch, Annmarie"]
[Black "Schwabeneder, Florian"]
[Result "1/2-1/2"]
[WhiteElo "2223"]
[BlackElo "2422"]
[Annotator "NA"]
[PlyCount "76"]
[EventDate "2019.04.18"]
[EventType "swiss"]
[EventCountry "GER"]
[SourceTitle "playchess.com"]
[Source "ChessBase"]
[SourceQuality "1"]

1. e4 e6 2. d4 d5 3. Nd2 a6 4. Bd3 c5 5. dxc5 Bxc5 6. exd5 exd5 7. Nb3 Bb6 8. Ne2 Nf6 9. h3 O-O 10. O-O Nc6 11. Bg5 h6 12. Bh4 g5 13. Bg3 Ne4 14. Bxe4 dxe4 15. Bd6 Re8 16. Ng3 f5 17. Qh5 Re6 18. Bc5 Bxc5 19. Nxc5 Rf6 20. h4 g4 21. Rad1 Qe7 22. Rd5 b6 23. Nxf5 Bxf5 24. Rxf5 bxc5 25. Rxf6 Qxf6 26. Qxg4+ Kh8 27. Qxe4 Rf8 28. Qe3 Nd4 29. c3 Nf5 30. Qxc5 Nxh4 31. Rd1 Rg8 32. g3 Nf5 33. Rd3 Qe6 34. Kf1 Qe4 35. Qd5 Qg4 36. Qe5+ Kh7 37. Rd7+ Ng7 38. Qd4 Qxd4 1/2-1/2

[Event "4th GRENKE Open 2019"]
[Site "Karlsruhe"]
[Date "2019.04.21"]
[Round "7.110"]
[White "Jerez Perez, Alfonso"]
[Black "Jeitz, Christian"]
[Result "1/2-1/2"]
[WhiteElo "2413"]
[BlackElo "2222"]
[Annotator "NA"]
[PlyCount "117"]
[EventDate "2019.04.18"]
[EventType "swiss"]
[EventCountry "GER"]
[SourceTitle "playchess.com"]
[Source "ChessBase"]
[SourceQuality "1"]

1. e4 c5 2. Nf3 Nc6 3. c3 d5 4. exd5 Qxd5 5. d4 Bg4 6. Be2 e6 7. h3 Bh5 8. c4 Qd7 9. d5 Bxf3 10. Bxf3 exd5 11. cxd5 Nd4 12. Be3 Nxf3+ 13. Qxf3 Nf6 14. Nc3 Bd6 15. O-O O-O 16. Rfe1 Rfe8 17. Rad1 Rac8 18. Bg5 Be5 19. d6 Bd4 20. Bxf6 Bxf6 21. Nd5 Qxd6 22. Nxf6+ Qxf6 23. Qxb7 h6 24. b3 a6 25. Qd5 Qc3 26. Rxe8+ Rxe8 27. Qd2 Qf6 28. Qd3 g6 29. g3 Qe6 30. Kg2 Qe2 31. a4 Qe6 32. Qd5 Qb6 33. Rd3 Rc8 34. Rc3 Kg7 35. h4 h5 36. Re3 Qc7 37. Re4 Rd8 38. Qe5+ Qxe5 39. Rxe5 Rd3 40. Rxc5 Rxb3 41. Rc6 Ra3 42. Rxa6 Kg8 43. a5 Kg7 44. Ra8 Kh7 45. a6 Kg7 46. Kf1 Ra2 47. Ke1 Kh7 48. f3 Kg7 49. Kd1 Ra3 50. Kc2 Rxf3 51. Kb2 Rf5 52. Kb3 Ra5 53. Kb4 Ra1 54. Kb5 Rb1+ 55. Kc6 Rc1+ 56. Kb7 Rb1+ 57. Kc6 Rc1+ 58. Kb7 Rb1+ 59. Kc6 1/2-1/2

[Event "4th GRENKE Open 2019"]
[Site "Karlsruhe"]
[Date "2019.04.21"]
[Round "7.111"]
[White "Schlindwein, Rolf"]
[Black "Kerem, Halil Ozgun"]
[Result "1/2-1/2"]
[WhiteElo "2409"]
[BlackElo "2223"]
[Annotator "NA"]
[PlyCount "40"]
[EventDate "2019.04.18"]
[EventType "swiss"]
[EventCountry "GER"]
[SourceTitle "playchess.com"]
[Source "ChessBase"]
[SourceQuality "1"]

1. d4 Nf6 2. Nf3 e6 3. g3 d5 4. Bg2 c5 5. c4 cxd4 6. cxd5 Nxd5 7. Nxd4 Bb4+ 8. Bd2 Qb6 9. Bxd5 Qxd4 10. Qa4+ Bd7 11. Qxb4 Qxd5 12. e4 Qb5 13. Na3 Qxb4 14. Bxb4 Na6 15. Bd6 Bc6 16. f3 O-O-O 17. e5 f6 18. O-O fxe5 19. Bxe5 Rd7 20. Rac1 Rhd8 1/2-1/2

[Event "4th GRENKE Open 2019"]
[Site "Karlsruhe"]
[Date "2019.04.21"]
[Round "7.112"]
[White "Huber, Philipp"]
[Black "Sawlin, Leonid"]
[Result "0-1"]
[WhiteElo "2208"]
[BlackElo "2402"]
[Annotator "NA"]
[PlyCount "92"]
[EventDate "2019.04.18"]
[EventType "swiss"]
[EventCountry "GER"]
[SourceTitle "playchess.com"]
[Source "ChessBase"]
[SourceQuality "1"]

1. d4 e6 2. Nf3 d5 3. c4 c6 4. Bg5 Qb6 5. Qc2 dxc4 6. Nbd2 Bb4 7. a3 Qa6 8. Rc1 Bxd2+ 9. Qxd2 b5 10. e4 Qb7 11. Be2 Nd7 12. O-O Ngf6 13. Qe3 O-O 14. Nd2 Qb6 15. b3 cxb3 16. Nxb3 e5 17. dxe5 Qxe3 18. Bxe3 Nxe5 19. f4 Nc4 20. Bc5 Re8 21. e5 Bg4 22. Bxc4 bxc4 23. Nd2 Nd7 24. Bd6 Nb6 25. Rf2 Be6 26. f5 Bd5 27. g4 h6 28. h4 Rad8 29. Bc7 Rc8 30. Bd6 Nd7 31. Re2 Nf6 32. g5 hxg5 33. hxg5 Nh7 34. Kf2 Nxg5 35. Ke3 Rcd8 36. Kf4 f6 37. Bc7 Rd7 38. Ba5 Rb7 39. Nxc4 Rb3 40. Nd2 Rxa3 41. Bc3 Ra4+ 42. Kg3 Nf7 43. e6 Nh6 44. Rf2 Rg4+ 45. Kh3 Rg5 46. Rcf1 Nxf5 0-1

[Event "4th GRENKE Open 2019"]
[Site "Karlsruhe"]
[Date "2019.04.22"]
[Round "8.1"]
[White "Fridman, Daniel"]
[Black "Sarana, Alexey"]
[Result "1/2-1/2"]
[WhiteElo "2629"]
[BlackElo "2630"]
[Annotator "RC"]
[PlyCount "37"]
[EventDate "2019.04.18"]
[EventType "swiss"]
[EventCountry "GER"]
[SourceTitle "playchess.com"]
[Source "ChessBase"]
[SourceQuality "1"]

1. d4 Nf6 2. c4 g6 3. Nc3 d5 4. Bf4 Bg7 5. e3 O-O 6. cxd5 Nxd5 7. Nxd5 Qxd5 8. Bxc7 Na6 9. Bxa6 Qxg2 10. Qf3 Qxf3 11. Nxf3 bxa6 12. Rg1 f6 13. Rc1 Rf7 14. b3 Bf8 15. Nd2 Bb7 16. Ke2 Re8 17. Nc4 Bd5 18. Bg3 e6 19. Nd6 1/2-1/2

[Event "4th GRENKE Open 2019"]
[Site "Karlsruhe"]
[Date "2019.04.22"]
[Round "8.2"]
[White "Goganov, Aleksey"]
[Black "Korobov, Anton"]
[Result "0-1"]
[WhiteElo "2580"]
[BlackElo "2675"]
[Annotator "TA"]
[PlyCount "98"]
[EventDate "2019.04.18"]
[EventType "swiss"]
[EventCountry "GER"]
[SourceTitle "playchess.com"]
[Source "ChessBase"]
[SourceQuality "1"]

1. d4 d5 2. c4 c6 3. Nf3 Nf6 4. e3 Bf5 5. Nc3 e6 6. Nh4 Bg6 7. Nxg6 hxg6 8. g3 Nbd7 9. cxd5 exd5 10. Bg2 Be7 11. O-O O-O 12. f3 Qb6 13. Kh1 Rad8 14. Rb1 c5 15. Qd3 Qe6 16. Bd2 a6 17. a4 Nb8 18. dxc5 Bxc5 19. Ne2 Nbd7 20. Nd4 Qe7 21. Qb3 Ne5 22. Rbd1 Nc4 23. Bc1 Rfe8 24. Rfe1 Ba7 25. Qa2 Bxd4 26. Rxd4 Qc5 27. Rd3 d4 28. Red1 dxe3 29. Rxd8 e2 30. Rxe8+ Nxe8 31. Rg1 Qxg1+ 32. Kxg1 e1=Q+ 33. Bf1 Ne5 34. Qd5 Nf6 35. Qxb7 Nd3 36. Qc8+ Ne8 37. Qc2 Nxc1 38. b4 Nd6 39. b5 Qe3+ 40. Kg2 a5 41. b6 Kh7 42. Bc4 Qxb6 43. Qxc1 Qc5 44. Qf4 Nxc4 45. Qh4+ Kg8 46. Qd8+ Qf8 47. Qc7 Ne3+ 48. Kf2 Nd1+ 49. Kg2 Qe8 0-1

[Event "4th GRENKE Open 2019"]
[Site "Karlsruhe"]
[Date "2019.04.22"]
[Round "8.3"]
[White "Heimann, Andreas"]
[Black "Lopez Martinez, Josep Manuel"]
[Result "1/2-1/2"]
[WhiteElo "2616"]
[BlackElo "2578"]
[Annotator "TA"]
[PlyCount "86"]
[EventDate "2019.04.18"]
[EventType "swiss"]
[EventCountry "GER"]
[SourceTitle "playchess.com"]
[Source "ChessBase"]
[SourceQuality "1"]

1. e4 e6 2. d4 d5 3. exd5 exd5 4. Nf3 Nc6 5. Bb5 Bd6 6. c4 Bd7 7. c5 Be7 8. Nc3 Nf6 9. O-O O-O 10. Re1 Bg4 11. Bxc6 bxc6 12. h3 Bxf3 13. Qxf3 Nd7 14. Qd3 a5 15. Bf4 Bf6 16. Rad1 Ra7 17. Qc2 Qa8 18. Qf5 Qd8 19. Re2 Re8 20. Rxe8+ Qxe8 21. Bg5 g6 22. Qf4 Bg7 23. Bh6 Bxh6 24. Qxh6 Rb7 25. Qd2 Nf8 26. b3 Ne6 27. Ne2 Rb4 28. Qe3 a4 29. Nf4 axb3 30. axb3 Ng7 31. Qxe8+ Nxe8 32. Rd3 Ng7 33. g4 g5 34. Ne2 Ne6 35. Kg2 Kg7 36. Kg3 Kg6 37. f4 f5 38. fxg5 fxg4 39. Kxg4 Nxg5 40. Nf4+ Kf6 41. Nh5+ Kg6 42. Nf4+ Kf6 43. Nh5+ Kg6 1/2-1/2

[Event "4th GRENKE Open 2019"]
[Site "Karlsruhe"]
[Date "2019.04.22"]
[Round "8.4"]
[White "Neiksans, Arturs"]
[Black "Abdo, Mohamed Amin"]
[Result "1/2-1/2"]
[WhiteElo "2559"]
[BlackElo "2042"]
[Annotator "TA"]
[PlyCount "186"]
[EventDate "2019.04.18"]
[EventType "swiss"]
[EventCountry "GER"]
[SourceTitle "playchess.com"]
[Source "ChessBase"]
[SourceQuality "1"]

1. e4 c5 2. Nf3 Nc6 3. Bb5 g6 4. Bxc6 dxc6 5. d3 Bg7 6. O-O Nf6 7. Nc3 O-O 8. h3 Nd7 9. Be3 e5 10. Qd2 Re8 11. Nh2 Qe7 12. Bh6 Bh8 13. f4 exf4 14. Qxf4 c4 15. Rad1 cxd3 16. cxd3 Nf8 17. d4 f5 18. exf5 Bxf5 19. g4 Be6 20. Nf3 Bc4 21. Rfe1 Qf7 22. Qg3 Rxe1+ 23. Rxe1 Nd7 24. Kh2 Bd5 25. Ng5 Qf6 26. Nxd5 cxd5 27. Ne6 Rc8 28. Re2 Re8 29. Qd6 Nb6 30. Kg2 Qe7 31. Qf4 Qf6 32. Qd6 Qe7 33. Qf4 Qf6 34. Qg3 Qf7 35. Qd6 Bf6 36. b3 Qd7 37. Qxd7 Nxd7 38. Bc1 Kf7 39. Nf4 Rxe2+ 40. Nxe2 Nb8 41. Bd2 Nc6 42. Bc3 Ke6 43. Kf2 Kd6 44. Ke3 Nd8 45. Kd3 Ne6 46. Bd2 a6 47. Be3 Kc6 48. Bd2 Be7 49. Be3 Bd6 50. Bd2 Kd7 51. Be3 Bf8 52. Nf4 Nc7 53. Bd2 Kc6 54. a4 Bd6 55. Ne2 Ne6 56. Be3 Bb4 57. Nf4 Nc7 58. Ne2 Ne8 59. Ng1 Nf6 60. Nf3 Bd6 61. Ng5 Kd7 62. Nf3 Bb8 63. Bg5 Ne4 64. Be3 Bc7 65. Nd2 Nf6 66. Nf3 Kc6 67. Bg5 Ne4 68. Be3 b5 69. axb5+ Kxb5 70. Ng5 Nf6 71. Ne6 Kc6 72. Nc5 Kb5 73. Bg5 Ne8 74. Ne6 Bd6 75. Bf4 Bxf4 76. Nxf4 Kb4 77. Kc2 Nc7 78. Kb2 g5 79. Nd3+ Kb5 80. Nc5 Kc6 81. Kc3 a5 82. Kd3 Kb5 83. Kc3 Kc6 84. Kd3 h6 85. Kc3 Nb5+ 86. Kd3 Nd6 87. Kc2 Kb5 88. Kc3 Kc6 89. Kd3 Kb6 90. Kc2 Nb5 91. Kd3 Nd6 92. Kc2 Kc6 93. Kd3 Kb5 1/2-1/2

[Event "4th GRENKE Open 2019"]
[Site "Karlsruhe"]
[Date "2019.04.22"]
[Round "8.6"]
[White "Ter-Sahakyan, Samvel"]
[Black "Beerdsen, Thomas"]
[Result "1-0"]
[WhiteElo "2601"]
[BlackElo "2483"]
[Annotator "TA"]
[PlyCount "63"]
[EventDate "2019.04.18"]
[EventType "swiss"]
[EventCountry "GER"]
[SourceTitle "playchess.com"]
[Source "ChessBase"]
[SourceQuality "1"]

1. e4 c5 2. Nf3 e6 3. d4 cxd4 4. Nxd4 Nc6 5. Nc3 Qc7 6. Be3 a6 7. Qd2 Nf6 8. O-O-O Be7 9. f3 b5 10. g4 Nxd4 11. Bxd4 b4 12. Na4 Rb8 13. b3 O-O 14. h4 d6 15. Kb1 Bd7 16. Nb2 Rfc8 17. g5 Nh5 18. Bh3 Rd8 19. Bg4 e5 20. Bxd7 exd4 21. Bg4 g6 22. Bxh5 gxh5 23. Nd3 d5 24. e5 Rb5 25. f4 Rc8 26. f5 Bf8 27. Rhe1 Ra5 28. e6 Ra3 29. exf7+ Qxf7 30. Re5 Bd6 31. g6 Qc7 32. Rxd5 1-0

[Event "4th GRENKE Open 2019"]
[Site "Karlsruhe"]
[Date "2019.04.22"]
[Round "8.7"]
[White "Donchenko, Alexander"]
[Black "Garriga Cazorla, Pere"]
[Result "1-0"]
[WhiteElo "2584"]
[BlackElo "2445"]
[Annotator "TA"]
[PlyCount "55"]
[EventDate "2019.04.18"]
[EventType "swiss"]
[EventCountry "GER"]
[SourceTitle "playchess.com"]
[Source "ChessBase"]
[SourceQuality "1"]

1. d4 Nf6 2. c4 e6 3. g3 d5 4. Bg2 Be7 5. Nf3 O-O 6. O-O c6 7. Nc3 Nbd7 8. b3 b6 9. Bb2 Ba6 10. Nd2 b5 11. c5 e5 12. dxe5 Ng4 13. b4 Ngxe5 14. a4 d4 15. Nce4 d3 16. a5 Nc4 17. Bc3 Qc7 18. exd3 Nxd2 19. Qxd2 Rad8 20. Rfe1 Rfe8 21. Qb2 f6 22. Qa2+ Kf8 23. Re3 Bc8 24. Rae1 f5 25. Nd6 Bxd6 26. cxd6 Qxd6 27. Rxe8+ Rxe8 28. Bxg7+ 1-0

[Event "4th GRENKE Open 2019"]
[Site "Karlsruhe"]
[Date "2019.04.22"]
[Round "8.8"]
[White "Pavlidis, Antonios"]
[Black "Bacrot, Etienne"]
[Result "1/2-1/2"]
[WhiteElo "2537"]
[BlackElo "2683"]
[Annotator "TA"]
[PlyCount "128"]
[EventDate "2019.04.18"]
[EventType "swiss"]
[EventCountry "GER"]
[SourceTitle "playchess.com"]
[Source "ChessBase"]
[SourceQuality "1"]

1. e4 e5 2. Nf3 Nc6 3. Bb5 Nf6 4. d3 Bc5 5. c3 d5 6. exd5 Qxd5 7. Bc4 Qd8 8. O-O O-O 9. b4 Be7 10. b5 Na5 11. Nxe5 Nxc4 12. Nxc4 a6 13. bxa6 Rxa6 14. d4 Be6 15. Ne3 Rxa2 16. Rxa2 Bxa2 17. Qc2 Be6 18. Nf5 Bxf5 19. Qxf5 Qd5 20. Qd3 c5 21. Ba3 Rd8 22. Rd1 Bf8 23. h3 Qb3 24. c4 Qxd3 25. Rxd3 Rxd4 26. Rxd4 cxd4 27. Kf1 d3 28. Ke1 Bxa3 29. Nxa3 Ne4 30. f3 Nc5 31. Kd2 f5 32. Nb1 Kf7 33. Ke3 Ke6 34. f4 Kd6 35. Nd2 g6 36. Nf3 Ne6 37. g3 Nc5 38. g4 fxg4 39. hxg4 h5 40. g5 Ne6 41. f5 gxf5 42. Kxd3 Nf4+ 43. Ke3 Ne6 44. Nh4 Nxg5 45. Nxf5+ Kc5 46. Kd3 Nf7 47. Kc3 Nd6 48. Ng7 h4 49. Ne6+ Kc6 50. Ng5 Nf5 51. Kd3 Kc5 52. Kc3 Ne7 53. Ne4+ Kc6 54. Nf2 Nf5 55. Kd3 Kc5 56. Kc3 Kd6 57. Kd3 Ke5 58. Nh3 Ng7 59. Ke3 Ne6 60. Nf2 Kf5 61. Kf3 Ng5+ 62. Ke3 Ne6 63. Kf3 Nd4+ 64. Kg2 Ne6 1/2-1/2

[Event "4th GRENKE Open 2019"]
[Site "Karlsruhe"]
[Date "2019.04.22"]
[Round "8.9"]
[White "Kuzubov, Yuriy"]
[Black "Dann, Matthias"]
[Result "1-0"]
[WhiteElo "2653"]
[BlackElo "2520"]
[Annotator "TA"]
[PlyCount "97"]
[EventDate "2019.04.18"]
[EventType "swiss"]
[EventCountry "GER"]
[SourceTitle "playchess.com"]
[Source "ChessBase"]
[SourceQuality "1"]

1. Nf3 Nf6 2. c4 e6 3. g3 b6 4. Bg2 Bb7 5. d4 Be7 6. O-O O-O 7. Nc3 Ne4 8. Bd2 Bf6 9. Rc1 d6 10. d5 Nxc3 11. Bxc3 Bxc3 12. Rxc3 e5 13. e4 Bc8 14. Nd2 Nd7 15. f4 Qe7 16. f5 f6 17. g4 g5 18. h4 h6 19. Rh3 Rf7 20. Kf2 Nf8 21. Rfh1 Rh7 22. b4 Bd7 23. Ra3 c5 24. bxc5 dxc5 25. Qb1 Qd6 26. Bf1 a6 27. Rb3 Rb8 28. Rb2 Be8 29. Kg3 gxh4+ 30. Rxh4 h5 31. Kf2 hxg4 32. Rxg4+ Kf7 33. Qd3 Ke7 34. Qa3 Ra8 35. Qg3 Kd8 36. Rg8 Kc7 37. Rb3 Rd8 38. Be2 Bf7 39. Rg4 Bh5 40. Rg7+ Rxg7 41. Qxg7+ Rd7 42. Qg8 Bf7 43. Qh8 Rd8 44. Rg3 Nd7 45. Qh7 Qf8 46. Rg7 Bg8 47. Qg6 Kd6 48. a4 Qe8 49. Nf1 1-0

[Event "4th GRENKE Open 2019"]
[Site "Karlsruhe"]
[Date "2019.04.22"]
[Round "8.10"]
[White "Basso, Pier Luigi"]
[Black "Chigaev, Maksim"]
[Result "1/2-1/2"]
[WhiteElo "2516"]
[BlackElo "2634"]
[Annotator "TA"]
[PlyCount "81"]
[EventDate "2019.04.18"]
[EventType "swiss"]
[EventCountry "GER"]
[SourceTitle "playchess.com"]
[Source "ChessBase"]
[SourceQuality "1"]

1. d4 Nf6 2. c4 d6 3. Nc3 g6 4. e4 Bg7 5. f3 O-O 6. Nge2 Nc6 7. Be3 a6 8. Qd2 Bd7 9. Rb1 Re8 10. b4 e6 11. a4 h5 12. g3 Nh7 13. Bg2 h4 14. O-O hxg3 15. hxg3 e5 16. f4 exd4 17. Nxd4 Nf6 18. Nxc6 Bxc6 19. Bd4 Nxe4 20. Bxe4 Bxe4 21. Rbe1 f5 22. Nxe4 fxe4 23. f5 e3 24. Rxe3 Bxd4 25. Qxd4 Rxe3 26. Qxe3 Qf6 27. Qd3 Re8 28. fxg6 Qe5 29. Qf3 Qe3+ 30. Kg2 Qxf3+ 31. Rxf3 b5 32. cxb5 axb5 33. axb5 Re5 34. Rf7 Rxb5 35. Rxc7 Rxb4 36. Rd7 Rb6 37. Kf3 d5 38. g7 Rg6 39. Kf4 Rxg7 40. Rxd5 Ra7 41. Rg5+ 1/2-1/2

[Event "4th GRENKE Open 2019"]
[Site "Karlsruhe"]
[Date "2019.04.22"]
[Round "8.11"]
[White "Nasuta, Grzegorz"]
[Black "Sethuraman, S.P."]
[Result "1/2-1/2"]
[WhiteElo "2516"]
[BlackElo "2624"]
[Annotator "TA"]
[PlyCount "57"]
[EventDate "2019.04.18"]
[EventType "swiss"]
[EventCountry "GER"]
[SourceTitle "playchess.com"]
[Source "ChessBase"]
[SourceQuality "1"]

1. e4 c5 2. Nf3 Nc6 3. Bb5 g6 4. Bxc6 dxc6 5. d3 Bg7 6. h3 Nf6 7. Nc3 Nd7 8. Be3 e5 9. Qd2 h6 10. O-O b6 11. Nh2 Nf8 12. f4 exf4 13. Bxf4 Ne6 14. Bg3 Nd4 15. e5 Nf5 16. Bf2 Be6 17. Rae1 Qc7 18. Nf3 O-O-O 19. Ne4 h5 20. a3 Bd5 21. Qc3 Rhe8 22. b4 Rxe5 23. Nxe5 Bxe5 24. Qd2 c4 25. Qe2 Nd4 26. Qd1 Nf5 27. Qe2 Nd4 28. Qd1 Nf5 29. Qe2 1/2-1/2

[Event "4th GRENKE Open 2019"]
[Site "Karlsruhe"]
[Date "2019.04.22"]
[Round "8.12"]
[White "Predojevic, Borki"]
[Black "Lobron, Eric"]
[Result "1/2-1/2"]
[WhiteElo "2621"]
[BlackElo "2508"]
[Annotator "TA"]
[PlyCount "79"]
[EventDate "2019.04.18"]
[EventType "swiss"]
[EventCountry "GER"]
[SourceTitle "playchess.com"]
[Source "ChessBase"]
[SourceQuality "1"]

1. e4 c6 2. d4 d5 3. e5 Bf5 4. h4 c5 5. Nc3 Nc6 6. Bb5 Rc8 7. Be3 cxd4 8. Qxd4 a6 9. Bxc6+ Rxc6 10. O-O-O e6 11. g4 Bc5 12. Qf4 Bxe3+ 13. fxe3 Rxc3 14. gxf5 Rc4 15. Qg3 Ne7 16. fxe6 fxe6 17. Qxg7 Rg8 18. Qxh7 Qb6 19. Nf3 Rb4 20. Qh5+ Kd7 21. b3 Qxe3+ 22. Kb1 Rg2 23. Ng5 Qc3 24. Rc1 Rb6 25. Rh3 Qxe5 26. Qf3 Rh2 27. Nf7 Qe2 28. Qxe2 Rxe2 29. h5 Rf2 30. Ne5+ Kd6 31. Re1 Rf5 32. Nd3 Rf7 33. h6 Rh7 34. Rg1 Rc6 35. Nf4 Rc8 36. Re1 e5 37. Nd3 e4 38. Nf2 Rch8 39. c4 Rxh6 40. Reh1 1/2-1/2

[Event "4th GRENKE Open 2019"]
[Site "Karlsruhe"]
[Date "2019.04.22"]
[Round "8.13"]
[White "Admiraal, Miguoel"]
[Black "Esipenko, Andrey"]
[Result "0-1"]
[WhiteElo "2516"]
[BlackElo "2616"]
[Annotator "RC"]
[PlyCount "118"]
[EventDate "2019.04.18"]
[EventType "swiss"]
[EventCountry "GER"]
[SourceTitle "playchess.com"]
[Source "ChessBase"]
[SourceQuality "1"]

1. c4 e5 2. Nc3 Bb4 3. Nd5 Bc5 4. Nf3 c6 5. Nc3 d6 6. e3 Nd7 7. b3 Ngf6 8. Bb2 O-O 9. Be2 Re8 10. d3 Bb4 11. a3 Ba5 12. O-O Bc7 13. Rc1 Nf8 14. Qc2 Qe7 15. Rfe1 Bg4 16. h3 Bd7 17. Bf1 Rac8 18. e4 b5 19. Ne2 bxc4 20. dxc4 Ne6 21. b4 c5 22. Nc3 Bb6 23. Nd5 Nxd5 24. exd5 Nf4 25. b5 Qf6 26. Re3 Bf5 27. Qd2 Qh6 28. a4 f6 29. a5 Bc7 30. Ra1 g5 31. Rb3 Rb8 32. Bc1 Qg7 33. Qb2 Bd8 34. b6 axb6 35. axb6 Re7 36. Ra7 Bc8 37. Rxe7 Qxe7 38. Bd2 Ng6 39. Ne1 Qb7 40. Bd3 Qa6 41. Qb1 Kg7 42. Nc2 Rxb6 43. Ne3 Rxb3 44. Qxb3 Ne7 45. Qb1 h5 46. Qd1 h4 47. Qh5 Qa1+ 48. Kh2 e4 49. Qe8 Qe5+ 50. Kg1 exd3 51. Qxd8 Kf7 52. Qh8 Bf5 53. Qh5+ Bg6 54. Qh8 Qa1+ 55. Kh2 Qe5+ 56. Kg1 Ng8 57. Ng4 Qb2 58. Bxg5 Qb1+ 59. Kh2 fxg5 0-1

[Event "4th GRENKE Open 2019"]
[Site "Karlsruhe"]
[Date "2019.04.22"]
[Round "8.14"]
[White "Studer, Noel"]
[Black "Banusz, Tamas"]
[Result "0-1"]
[WhiteElo "2514"]
[BlackElo "2614"]
[Annotator "TA"]
[PlyCount "114"]
[EventDate "2019.04.18"]
[EventType "swiss"]
[EventCountry "GER"]
[SourceTitle "playchess.com"]
[Source "ChessBase"]
[SourceQuality "1"]

1. d4 d5 2. c4 c6 3. Nf3 Nf6 4. e3 Bf5 5. Nc3 e6 6. Nh4 Bg6 7. Be2 Nbd7 8. O-O Bd6 9. g3 dxc4 10. Bxc4 Nb6 11. Be2 O-O 12. Nxg6 hxg6 13. Qc2 Qe7 14. Bf3 Rac8 15. Rd1 c5 16. dxc5 Rxc5 17. Bd2 Nc4 18. Be1 b5 19. Qe2 a6 20. Bg2 Rfc8 21. Rac1 R5c7 22. Nb1 Be5 23. Rc2 Nxb2 24. Rxb2 Bxb2 25. Qxb2 Rc2 26. Qb3 Rc1 27. Bd2 Rxd1+ 28. Qxd1 Qc5 29. a3 Qc2 30. Qe1 Nd7 31. Bc3 Nc5 32. Qf1 Nb3 33. Bb7 Rc7 34. Bf3 Rxc3 35. Nxc3 Qxc3 36. Qd1 Nd2 37. Be2 Kf8 38. h4 Ke7 39. h5 gxh5 40. Bxh5 a5 41. Qg4 Qe5 42. Qe2 Nc4 43. Qf3 Nd6 44. Qc6 g6 45. Be2 Kf6 46. Qc7 Qa1+ 47. Kg2 Qxa3 48. Bxb5 Nxb5 49. Qf4+ Kg7 50. Qe5+ Kg8 51. Qb8+ Qf8 52. Qxb5 Qb4 53. Qa6 a4 54. Qa8+ Kg7 55. e4 a3 56. e5 Qb3 57. Qd8 Qd5+ 0-1

[Event "4th GRENKE Open 2019"]
[Site "Karlsruhe"]
[Date "2019.04.22"]
[Round "8.15"]
[White "Zanan, Evgeny"]
[Black "Bosiocic, Marin"]
[Result "1-0"]
[WhiteElo "2510"]
[BlackElo "2613"]
[Annotator "RC"]
[PlyCount "50"]
[EventDate "2019.04.18"]
[EventType "swiss"]
[EventCountry "GER"]
[SourceTitle "playchess.com"]
[Source "ChessBase"]
[SourceQuality "1"]

1. d4 Nf6 2. c4 e6 3. Nf3 d5 4. Nc3 Bb4 5. e3 O-O 6. Bd2 b6 7. cxd5 exd5 8. Rc1 a6 9. Ne5 Bb7 10. Bd3 Bd6 11. f4 c5 12. Qf3 Nc6 13. O-O cxd4 14. Nxc6 Bxc6 15. exd4 Qd7 16. f5 Rfe8 17. Rce1 Rxe1 18. Rxe1 Re8 19. Rxe8+ Qxe8 20. Bxa6 b5 21. Qe2 Qb8 22. Bxb5 Bxh2+ 23. Kf1 Ne4 24. Qd3 Nxd2+ 25. Ke2 Ne4 1-0

[Event "4th GRENKE Open 2019"]
[Site "Karlsruhe"]
[Date "2019.04.22"]
[Round "8.16"]
[White "Van Wely, Loek"]
[Black "Engel, Luis"]
[Result "0-1"]
[WhiteElo "2612"]
[BlackElo "2490"]
[Annotator "TA"]
[PlyCount "60"]
[EventDate "2019.04.18"]
[EventType "swiss"]
[EventCountry "GER"]
[SourceTitle "playchess.com"]
[Source "ChessBase"]
[SourceQuality "1"]

1. d4 Nf6 2. c4 e6 3. Nf3 d5 4. Nc3 Bb4 5. Qa4+ Nc6 6. e3 O-O 7. Bd2 dxc4 8. Bxc4 Bd6 9. h3 a6 10. Be2 Bd7 11. Qc2 Re8 12. Ng5 h6 13. Nge4 Nxe4 14. Nxe4 e5 15. dxe5 Bf5 16. g4 Bxe4 17. Qxe4 Rxe5 18. Qc4 Qh4 19. Kf1 Rae8 20. Bc3 R5e6 21. Rd1 Ne5 22. Qe4 b5 23. Rd5 Nc4 24. Qf5 g6 25. Qc2 Nxe3+ 26. fxe3 Rxe3 27. Rxd6 cxd6 28. Rh2 Qg3 29. Rf2 Qxh3+ 30. Ke1 Qh4 0-1

[Event "4th GRENKE Open 2019"]
[Site "Karlsruhe"]
[Date "2019.04.22"]
[Round "8.17"]
[White "Svane, Rasmus"]
[Black "Milov, Leonid"]
[Result "1-0"]
[WhiteElo "2605"]
[BlackElo "2474"]
[Annotator "TA"]
[PlyCount "74"]
[EventDate "2019.04.18"]
[EventType "swiss"]
[EventCountry "GER"]
[SourceTitle "playchess.com"]
[Source "ChessBase"]
[SourceQuality "1"]

1. Nf3 d5 2. g3 c6 3. Bg2 Bg4 4. O-O Nd7 5. h3 Bh5 6. d4 e6 7. c4 Ngf6 8. cxd5 cxd5 9. Qb3 Qb6 10. Nc3 Bd6 11. e4 Nxe4 12. Nxe4 dxe4 13. Ng5 Qxb3 14. axb3 Nf6 15. Nxe4 Nxe4 16. Bxe4 a5 17. Bxb7 Ra7 18. Bc6+ Ke7 19. Bd2 Rc8 20. d5 exd5 21. Bxd5 Rb8 22. Rfe1+ Kf8 23. Bxa5 Rxa5 24. Rxa5 Bb4 25. Rea1 Bxa5 26. Rxa5 Rb6 27. f4 f6 28. Kf2 Bd1 29. Ra3 Rd6 30. Ra8+ Ke7 31. Ra7+ Kf8 32. Rf7+ Ke8 33. Bc4 Rb6 34. Rxg7 h5 35. Rh7 Kf8 36. Bd5 Rb5 37. Rf7+ Kg8 1-0